| 000 | 003090000a22000970004500 | ||
|---|---|---|---|
| 100 | 1 | _aVieira García, Luis Fernando | |
| 245 | 1 | 0 | _aJuventud y educación sexual : ¿de quién es la responsabilidad? |
| 300 | _aVol. 12, Num 4 (Octubre-Diciembre, 1993) Páginas 16-19 | ||
| 773 | 0 | _tIglesia y Misión | |
| 942 | _cANA | ||
| 999 |
_c52015 _d52015 |
||